000 00585nam a2200193Ia 4500
999 _c6584
_d6584
003 OSt
005 20200121121438.0
008 190216s9999||||xx |||||||||||||| ||und||
020 _a9788120727540
040 _coclc
082 _a658.3
_bCHA/H
100 _a Chatterjee, Bhaskar
_91374
245 0 _aHuman Resource Management :
_bA Contemporary Text /
_cBhaskar Chatterjee
250 _a2nd ed.
260 _bSterling Publications
_c2004.
_aNew Delhi:
300 _a393p
650 _aHuman Resource Management
942 _cBK
_2ddc
_h658.3
_iCHA/H
_k658.3
_mCHA/H